| 000 | 00896cab a22001935a 4500 | ||
|---|---|---|---|
| 001 | L152198 | ||
| 008 | 110209e20110131xxk 000 0 eng d | ||
| 035 | _a(Sirsi) u152198 | ||
| 041 | 0 | _aeng | |
| 245 | 0 | 0 |
_aUK house prices up 91% in the past decade _h[electronic resource] |
| 490 |
_aHalifax Press Release _v31 January 2011 |
||
| 520 | _aReviews UK house prices performance on a regional basis between Quarter 4 2000 and Quarter 4 2010 based on Halifax's own data. Highlights peaks and lows and regional differences including the North South divide. | ||
| 590 | _aKA NTK | ||
| 650 | 2 | 4 | _aHALIFAX HOUSE PRICE INDEX |
| 651 | 4 |
_aUnited Kingdom _y |
|
| 690 | _aPROPERTY-RESIDENTIAL PROPERTY-RESIDENTIAL PROPERTY MARKET | ||
| 856 | 4 | 0 |
_uhttps://www.lloydsbankinggroup.com/media/pdfs/halifax/2011/10yearsofhouseprices.pdf _zView this item free of charge at www.lloydsbankinggroup.com |
| 942 | _n0 | ||
| 999 |
_c82909 _d82909 |
||